000 00288nam a22001337a 4500
008 170529b xxu||||| |||| 00| 0 eng d
020 _a0130401714
041 _aeng
080 _a621
100 _a27
101 _aIM
245 _aAPPLIED DIGITAL CONTROL
_cLEIGH,J,R
942 _2udc
_cBK
999 _c14756
_d14756